Т. 1. Кн. I: Процесс производства капитала; Капитал. Критика политической экономии

Dettagli Bibliografici
Parent link:Капитал. Критика политической экономии: в 3 т./ К. Маркс; пер. И. И. Степанова-Скворцова, проверенный и исправленный. Т. 1. Кн. I: Процесс производства капитала.— , 1952-1953
Lingua:russo
Pubblicazione: 1953
Soggetti:
Natura: Libro
KOHA link:https://koha.lib.tpu.ru/cgi-bin/koha/opac-detail.pl?biblionumber=296569

MARC

LEADER 00000nam2a2200000 4500
001 296569
005 20231102000923.0
035 |a (RuTPU)RU\TPU\book\321677 
090 |a 296569 
100 |a 20150601d1953 k y0rusy50 ca 
101 1 |a rus  |c ger 
102 |a RU 
105 |a ac z 001zy 
200 0 |a Т. 1. Кн. I: Процесс производства капитала 
210 |d 1953 
215 |a IV, 794 с.  |c ил., портр. 
316 |5 63413507: М-133317  |a На титульном листе владельческая подпись: "Бутаков" 
317 |5 63413507: М-133317  |a Поступила в НТБ в 1970 г. в составе книжного собрания профессора ТПИ И. Н. Бутакова 
320 |a Указатель главнейших имен, упоминаемых в I томе "Капитала": с. 778-787 
320 |a Имена литературные и мифологические: с. 788 
320 |a Постраничные примечания 
461 1 |0 (RuTPU)RU\TPU\book\321655  |t Капитал. Критика политической экономии  |o в 3 т.  |f К. Маркс  |g пер. И. И. Степанова-Скворцова, проверенный и исправленный  |v Т. 1. Кн. I: Процесс производства капитала  |d 1952-1953 
606 1 |a Политэкономия  |x Теория  |2 stltpush  |3 (RuTPU)RU\TPU\subj\36646  |9 57951 
610 1 |a политическая экономия 
610 1 |a капитал 
610 1 |a товар 
610 1 |a деньги 
610 1 |a прибавочная стоимость 
610 1 |a заработная плата 
610 1 |a накопление 
610 1 |a владельческая надпись 
610 1 |a библиотека И. Н. Бутакова 
686 |a У011  |v LBC/SL-A  |2 rubbk 
801 1 |a RU  |b 63413507  |c 20150601 
801 2 |a RU  |b 63413507  |c 20190916  |g RCR 
942 |c BK